Un mensaje desde Ucrania : (Registro nro. 8465)

Detalles MARC
000 -CABECERA
campo de control de longitud fija 01539nam a2200337 c 4500
001 - NÚMERO DE CONTROL
campo de control 991046733149708606
003 - IDENTIFICADOR DEL NÚMERO DE CONTROL
campo de control SpMaBN
005 - FECHA Y HORA DE LA ÚLTIMA TRANSACCIÓN
campo de control 20251030062524.0
008 - DATOS DE LONGITUD FIJA--INFORMACIÓN GENERAL
campo de control de longitud fija 230130s2022 sp | |||| 000 0 spa
015 ## - NÚMERO DE BIBLIOGRAFÍA NACIONAL
Número de bibliografía nacional MON22
017 ## - NÚMERO DE COPYRIGHT O DE DEPÓSITO LEGAL
Número de copyright o de depósito legal B 20340-2022
Agencia que asigna Oficina Depósito Legal Barcelona
020 ## - NÚMERO INTERNACIONAL ESTÁNDAR DEL LIBRO
Número Internacional Estándar del Libro 9788419399564
035 ## - NÚMERO DE CONTROL DEL SISTEMA
Número de control de sistema (SpMaBN)a7218732
040 ## - FUENTE DE LA CATALOGACIÓN
Centro catalogador/agencia de origen SpMaBN
Lengua de catalogación spa
Centro/agencia transcriptor SpMaBN
Normas de descripción rda
041 1# - CÓDIGO DE LENGUA
Código de lengua del texto/banda sonora o título independiente spa
Código de lengua original eng
080 ## - NÚMERO DE LA CLASIFICACIÓN DECIMAL UNIVERSAL
Número de la Clasificación Decimal Universal 94(477)"2022/..."
082 ## - NÚMERO DE LA CLASIFICACIÓN DECIMAL DEWEY
Número de clasificación 355.02 Z49u 2023
100 1# - ENTRADA PRINCIPAL--NOMBRE DE PERSONA
Autor Personal Zelenski, Volodímir
Fechas asociadas al autor 1978-
245 13 - MENCIÓN DE TÍTULO
Título Un mensaje desde Ucrania :
Resto del título discursos 2019-2022 /
Mención de responsabilidad, etc. Volodímir Zelenski ; traducción de Raquel Marqués García
264 #1 - PRODUCCIÓN, PUBLICACIÓN, DISTRIBUCIÓN, FABRICACIÓN Y COPYRIGHT
Producción, publicación, distribución, fabricación y copyright Barcelona :
Nombre del de productor, editor, distribuidor, fabricante Debate,
Fecha de producción, publicación, distribución, fabricación o copyright 2023
300 ## - DESCRIPCIÓN FÍSICA
Extensión 145 páginas
490 0# - MENCIÓN DE SERIE
Mención de serie Política
504 ## - NOTA DE BIBLIOGRAFÍA, ETC.
Nota de bibliografía, etc. Incluye índice.
505 ## - NOTA DE CONTENIDO CON FORMATO
Nota de contenido con formato Las palabras de un hombre. El mensaje de un pueblo Un mensaje desde Ucrania reúne los discursos más importantes de Volodímir Zelenski y una nueva introducción escrita para este libro, que cuenta la historia de un país a través de las palabras de su presidente. Este es el relato de una nación que se defiende con valentía de la agresión rusa. Y es, también, el de un pueblo que lidera al mundo en la lucha por la democracia. Sobre todo, es un grito de guerra para que alcemos la voz y luchemos por la libertad. Si no es ahora, ¿cuándo?
650 #0 - PUNTO DE ACCESO ADICIONAL DE MATERIA--TÉRMINO DE MATERIA
Término de materia o nombre geográfico como elemento de entrada Guerra de Ucrania
Subdivisión cronológica 2022 -
9 (RLIN) 104
655 #7 - TÉRMINO DE INDIZACIÓN--GÉNERO/FORMA
Datos o término principal de género/forma Discursos políticos
700 1# - PUNTO DE ACCESO ADICIONAL--NOMBRE DE PERSONA
Autor secundario (Nombre de persona) Marqués García, Raquel
Rol del Coautor traductor
901 ## - ELEMENTOS DE DATOS A LOCAL LDA (RLIN)
a "ISBN"
942 ## - ELEMENTOS DE PUNTO DE ACCESO ADICIONAL (KOHA)
Fuente del sistema de clasificación o colocación Dewey Decimal Classification
Tipo de ítem Koha Libros
Catalogador Elizabeth Figueroa
956 ## - LOCALIZACIÓN Y ACCESO ELECTRÓNICOS LOCAL (OCLC)
Nombre del host 2
Existencias
Estado de retiro Estado de pérdida Fuente del sistema de clasificación o colocación Estado dañado No para préstamo Código de colección Localización permanente Ubicación/localización actual Ubicación en estantería Fecha de adquisición Número de inventario Total de préstamos Signatura topográfica completa Código de barras Fecha visto por última vez Número de copia Precio válido a partir de Tipo de ítem Koha
    Dewey Decimal Classification     Colección General SIBM UNADE - Biblioteca Sede Central SIBM UNADE - Biblioteca Sede Central En estantería 10/29/2025 25-03384   355.02 Z49u 2023 25-03384 10/29/2025 e.1 10/29/2025 Libros
© Copyright 2016. Universidad Nacional para la Defensa.Todos los derechos reservados.

 

Designed & Maintained by: https://www.sibdweb.com.do
Sistema de Información & Bibliotecas (SIBD). Contact: pbrito2005@gmail.com